Momografía de la indumentaria femenina del Estado de México (Record no. 10134)
[ view plain ]
| 000 -CABECERA | |
|---|---|
| campo de control de longitud fija | 00927nam a2200253 a 4500 |
| 001 - NÚMERO DE CONTROL | |
| campo de control | BRL_1322 |
| 005 - FECHA Y HORA DE LA ÚLTIMA TRANSACCIÓN | |
| campo de control | 20190320211139.0 |
| 008 - DATOS DE LONGITUD FIJA--INFORMACIÓN GENERAL | |
| campo de control de longitud fija | 060114t1972----mx-abo####---#000-0#spa-# |
| 041 ## - CÓDIGO DE LENGUA | |
| Código de lengua del texto/banda sonora o título independiente | spa |
| 044 ## - CÓDIGO DEL PAÍS DE LA ENTIDAD EDITORA/PRODUCTORA | |
| Código MARC del país | mx |
| 050 #4 - SIGNATURA TOPOGRÁFICA DE LA BIBLIOTECA DEL CONGRESO | |
| Número de clasificación | GT625 |
| Número de documento/Ítem | .M66 1972 |
| 245 10 - MENCIÓN DE TÍTULO | |
| Título | Momografía de la indumentaria femenina del Estado de México |
| Mención de responsabilidad, etc. | Monografía elaborada en la Dirección de Turismo por Glafira Ruiz Chávez y Raúl Gómez Montero. |
| 260 ## - PUBLICACIÓN, DISTRIBUCIÓN, ETC. | |
| Lugar de publicación, distribución, etc. | México |
| Nombre del editor, distribuidor, etc. | Dirección de Turismo |
| Fecha de publicación, distribución, etc. | 1972 |
| 300 ## - DESCRIPCIÓN FÍSICA | |
| Extensión | 101 p. |
| Otras características físicas | il., fotografías, mapas |
| Dimensiones | 23 cm. |
| 500 ## - NOTA GENERAL | |
| Nota general | Au1569 |
| 504 ## - NOTA DE BIBLIOGRAFÍA, ETC. | |
| Nota de bibliografía, etc. | Bibliografía: p. 99-101 |
| 650 14 - PUNTO DE ACCESO ADICIONAL DE MATERIA--TÉRMINO DE MATERIA | |
| Término de materia o nombre geográfico como elemento de entrada | Indumentaria |
| Subdivisión general | Mujeres |
| Subdivisión geográfica | Estado de México |
| 9 (RLIN) | 26515 |
| 650 14 - PUNTO DE ACCESO ADICIONAL DE MATERIA--TÉRMINO DE MATERIA | |
| Término de materia o nombre geográfico como elemento de entrada | Prendas de vestir |
| Subdivisión general | Mujeres |
| Subdivisión geográfica | Estado de México |
| 9 (RLIN) | 26516 |
| 650 14 - PUNTO DE ACCESO ADICIONAL DE MATERIA--TÉRMINO DE MATERIA | |
| Término de materia o nombre geográfico como elemento de entrada | Indigenas de México |
| Subdivisión general | Mujeres - Ropa |
| Subdivisión geográfica | Estado de México |
| 9 (RLIN) | 26517 |
| 700 1# - PUNTO DE ACCESO ADICIONAL--NOMBRE DE PERSONA | |
| Nombre de persona | Ruiz Chávez, Glafira |
| 9 (RLIN) | 26518 |
| 700 1# - PUNTO DE ACCESO ADICIONAL--NOMBRE DE PERSONA | |
| Nombre de persona | Gómez Montero, Raúl |
| 9 (RLIN) | 26519 |
| 902 ## - CATALOGADOR | |
| Iniciales | GRL |
| 942 ## - ELEMENTOS DE PUNTO DE ACCESO ADICIONAL (KOHA) | |
| Fuente del sistema de clasificación o colocación | Library of Congress Classification |
| Tipo de ítem Koha | Libros |
| Estado de retiro | Estado de pérdida | Estado dañado | No para préstamo | Localización permanente | Ubicación/localización actual | Fecha de adquisición | Número de inventario | Total de préstamos | Signatura topográfica completa | Código de barras | Fecha visto por última vez | Precio válido a partir de | Tipo de ítem Koha |
|---|---|---|---|---|---|---|---|---|---|---|---|---|---|
| El ejemplar forma parte de la colección y puede ser consultado según las políticas vigentes. | Biblioteca Centro de Estudios Ruth D. Lechuga | Biblioteca Centro de Estudios Ruth D. Lechuga | 06/01/2014 | Au1569 | GT625 .M66 1972 (Au1569) | GRL01481 | 22/03/2019 | 22/03/2019 | Libros |